तपोवन / (Record no. 50461)

MARC details
000 -LEADER
fixed length control field 01219nam a22003257a 4500
005 - DATE AND TIME OF LATEST TRANSACTION
control field 20101206113148.0
008 - FIXED-LENGTH DATA ELEMENTS--GENERAL INFORMATION
fixed length control field 101206t xxu||||| |||| 00| 0 hin d
010 ## - LCCN (DPL NO)
LC control number HIN-91841
020 ## - INTERNATIONAL STANDARD BOOK NUMBER
Terms of availability 175.00
International Standard Book Number 9788191051490
035 ## - SYSTEM CONTROL NUMBER
System control number HN-64187
037 ## - SOURCE OF ACQUISITION
Source of stock number/acquisition DBAD/PUB
040 ## - CATALOGING SOURCE
Original cataloging agency DPL
Language of cataloging HN
082 ## - DEWEY DECIMAL CLASSIFICATION NUMBER
Classification number
100 ## - MAIN ENTRY--PERSONAL NAME
9 (RLIN) 24598
Personal name रचना प्रकाश
245 ## - TITLE STATEMENT
Title तपोवन /
Statement of responsibility, etc रचना प्रकाश
246 ## - VARYING FORM OF TITLE
Title proper/short title Tapovan
Remainder of title by Rachna prakash
260 ## - PUBLICATION, DISTRIBUTION, ETC. (IMPRINT)
Place of publication, distribution, etc हरियाणा
Name of publisher, distributor, etc गुप्ता प्रकाशन
Date of publication, distribution, etc 2010
270 ## - ADDRESS
Address 1393,सेक्टर-16 फरीदाबाद
City हरियाणा (फरीदाबाद)
300 ## - PHYSICAL DESCRIPTION
Extent 139पृ.
Dimensions 25सेमी (सजिल्द)
600 ## - SUBJECT ADDED ENTRY--PERSONAL NAME
9 (RLIN) 25817
610 ## - SUBJECT ADDED ENTRY--CORPORATE NAME
Corporate name or jurisdiction name as entry element हिन्दी कथा साहित्य
9 (RLIN) 25818
650 ## - SUBJECT ADDED ENTRY--TOPICAL TERM
9 (RLIN) 1169
Topical term or geographic name as entry element हिन्दी कथा साहित्य
650 ## - SUBJECT ADDED ENTRY--TOPICAL TERM
Topical term or geographic name as entry element Hindi Novel
9 (RLIN) 25851
700 ## - ADDED ENTRY--PERSONAL NAME
9 (RLIN) 24599
700 ## - ADDED ENTRY--PERSONAL NAME
9 (RLIN) 25390
700 ## - ADDED ENTRY--PERSONAL NAME
9 (RLIN) 25450
700 ## - ADDED ENTRY--PERSONAL NAME
9 (RLIN) 25451
942 ## - ADDED ENTRY ELEMENTS (KOHA)
Source of classification or shelving scheme Dewey Decimal Classification
Item type Hindi Books
Classification part
Call number suffix रचना
Holdings
Withdrawn status Lost status Source of classification or shelving scheme Damaged status Not for loan Collection code Home library Current library Date acquired Source of acquisition Cost, normal purchase price Total Checkouts Full call number Barcode Date last seen Copy number Cost, replacement price Koha item type
    Dewey Decimal Classification   Not For Loan Fiction D.B.Act.Division D.B.Act.Division 10/02/2011 DBAD / PUB 175.00   उ रचना HN-64187 10/02/2011 1 175.00 Hindi Books

© Delhi Public Library
Hit Counter
free hit counter